000 01151aam a2200361 i 4500
999 _c1599
_d1599
001 018779034
003 Uk
005 20230116091327.0
008 180126s2010 enka j 000 p eng c
015 _aGBB851770
_2bnb
016 7 _a018779034
_2Uk
020 _a9781445406008 (hbk.)
035 _a(WlAbNL)99847238702419
035 _a(StEdALDL)1/3628475
035 _a(UkOxU)021112868
040 _aStEdALDL
_beng
_cStEdALDL
_dWlAbNL
_dKH8
_erda
042 _aukscp
082 _a800 ALB
110 _aTHE ALBION PRESS LTD
_eauthor
245 0 0 _aHey, Diddle, Diddle & other Nursery Rhymes.
246 3 _aHey, Diddle, Diddle and other Nursery Rhymes
264 1 _aBath :
_bParragon,
_c2010.
300 _a31 pages :
_billustrations (colour) ;
_c25 cm
336 _atext
_btxt
_2rdacontent
336 _astill image
_bsti
_2rdacontent
337 _aunmediated
_bn
_2rdamedia
338 _avolume
_bnc
_2rdacarrier
500 _a"This book was created by The Albion Press Ltd"--Inside front cover.
650 0 _aChildren's poetry, English.
650 0 _aNursery rhymes, English.
650 0 _aPicture books for children.
942 _2ddc
_cNFIC